UBT Library

Mathematical reasoning for elementary teachers / (Record no. 42798)

000 -LEADER
fixed length control field 00671cam a22002174a 4500
001 - CONTROL NUMBER
control field 16219805
005 - DATE AND TIME OF LATEST TRANSACTION
control field 20180216071137.0
008 - FIXED-LENGTH DATA ELEMENTS--GENERAL INFORMATION
fixed length control field 100506s2012 maua 001 0 eng
010 ## - LIBRARY OF CONGRESS CONTROL NUMBER
LC control number 2010016529
020 ## - INTERNATIONAL STANDARD BOOK NUMBER
International Standard Book Number 0321693124
040 ## - CATALOGING SOURCE
Original cataloging agency DLC
Transcribing agency DLC
Modifying agency DLC
041 ## - LANGUAGE CODE
Language code of text/sound track or separate title eng
080 ## - UNIVERSAL DECIMAL CLASSIFICATION NUMBER
Universal Decimal Classification number 510 GAL
082 00 - DEWEY DECIMAL CLASSIFICATION NUMBER
Classification number 510 GAL
Edition number 22
100 1# - Rafti
Rafti 38
101 ## - Shkurtesa
Shkurtesa mat
245 10 - TITLE STATEMENT
Title Mathematical reasoning for elementary teachers /
Statement of responsibility, etc Calvin T. Long, Duane W. DeTemple, Richard S. Milman.
906 ## - LOCAL DATA ELEMENT F, LDF (RLIN)
a 7
b cbc
c orignew
d 1
e ecip
f 20
g y-gencatlg
942 ## - ADDED ENTRY ELEMENTS (KOHA)
Source of classification or shelving scheme
Item type Books
Holdings
Withdrawn status Lost status Source of classification or shelving scheme Damaged status Not for loan Collection code Permanent location Current location Shelving location Date acquired Total Checkouts Full call number Barcode Date last seen Price effective from Koha item type
          Koleksioni i përgjithshem UBT - Lipjan UBT - Lipjan Koleksioni i përgjithshem 02/16/2018   510 GAL 002-2998359 02/16/2018 02/16/2018 Books
UBT Library © 2015-2024. All rights reserved University Education for Business and Technology